| 000 | 00782cab a2200253 4500 | ||
|---|---|---|---|
| 001 | ABS46729 | ||
| 008 | 090401t1992 xxu||||| |||| 00| 0 eng d | ||
| 035 | _a(Sirsi) u59375 | ||
| 041 | _aeng | ||
| 100 | _aHamilton, A.C. | ||
| 245 | _aPercentage rents | ||
| 260 | _c1992 | ||
| 350 | _a0 | ||
| 490 |
_aValuer and Land Economist _v32(2) May 1992, 133-136(4) |
||
| 520 | _aDiscusses the concept of percentage rents or turnover rents and their use in shopping centres focusing in particular on Australia. | ||
| 650 | _aPERCENTAGE RENTS | ||
| 650 | _aSHOPPING CENTRES | ||
| 650 | _aSPECIALITY SHOPPING | ||
| 650 | _aTURNOVER RENTS | ||
| 690 | _aPROPERTY-COMMERCIAL PROPERTY-RETAIL PROPERTY | ||
| 690 | _aOVERSEAS-REST OF THE WORLD | ||
| 942 | _n0 | ||
| 948 | _c04/03/1997 | ||
| 999 |
_c36432 _d36432 |
||